| 000 | 00966cam a2200277 a 4500 | ||
|---|---|---|---|
| 001 | 15165095 | ||
| 005 | 20161222151026.0 | ||
| 008 | 080201s2008 nyuab b 001 0 eng | ||
| 010 | _a2008005204 | ||
| 020 | _a9780071482431 (alk. paper) | ||
| 020 | _a0071482431 (alk. paper) | ||
| 035 | _a(OCoLC)ocn173807636 | ||
| 035 | _a(OCoLC)173807636 | ||
| 040 |
_aDLC _cDLC _dDLC |
||
| 050 | 0 | 0 |
_aTA418.74 _b.R62 2008 |
| 082 | 0 | 0 |
_a620.11223 _222 _bROB |
| 100 | 1 |
_aRoberge, Pierre R. _93622 |
|
| 245 | 1 | 0 |
_aCorrosion Engineering : _bPrinciples and Practice / _cPierre R. Roberge. |
| 260 |
_aNew York : _bMcGraw-Hill, _cc2008. |
||
| 300 |
_axiv, 754 p. : _bill., maps ; _c24 cm. |
||
| 504 | _aIncludes bibliographical references and index. | ||
| 653 | _bMec | ||
| 650 | 0 |
_93623 _aCorrosion and anti-corrosives |
|
| 942 |
_2ddc _cBB |
||
| 999 |
_c11290 _d11290 |
||